00580nam a22001817a 450000500170000001000150001702000260003203500140005803700090007208200120008110000260009324501080011925000080022726000520023527000760028730000250036349000100038820260217122356.0 aENG-144566 a9789390790951c160.00 aEN-128098 bDBAD a425+21 aSDB, Raju Chakkanattu aKerala and English:bA Study on Kerela's Pursuit for Global Reach though English/cRaju Chakkanattu SDB a1st aKozhikodebPavanatma Publishers Pvt. Ltd.c2021 aParayanchery, Kuthiravattam (P.O.),bKozhikodek+91 9746077500e673 016 a19, 328p.c22 cm(Pb) vVol 2